000 00224nam a2200097 a 4500
005 20201002040735.0
008 140226s1999 000 spa d
245 0 _aCine EspaƱol.
260 _a[s.l.],
_c1999.
999 _c42716
_d42716
040 _aDO-SdBNP